000 01469nam a22004817a 4500
003 OSt
005 20260522084646.0
007 ta
008 260522s2024 ag ||||| |||| 00| 0 spa d
020 _a9786316500441
040 _ccj catamarca
082 _a347.952.4 G869
100 1 0 _9334
_aGrispo, Jorge D.
245 1 3 _aLa accion preventiva del daño en concursos y sociedades
250 _a1º ed.
260 _aCABA:
_bDyD,
_c2024
300 _a360 p.
_c23 cm
500 _aINVENTARIO Nº 8180
650 7 _2SAIJ
653 _aCCyC
653 _aACCION PREVENTIVA
653 _aDAÑO-CONCURSOS
653 _aDAÑO-SOCIEDADES
653 _aRESPONSABILIDAD CIVIL
653 _aDAÑO-PREVENCION-art. 1708
653 _aDAÑO-ACCION PREVENTIVA-PROCESO
653 _aDAÑO-CONCURSAL-FALENCIA
653 _aCESACION DE PAGO
653 _aINSOLVENCIA-CONCURSAL
653 _aTUTELA ANTICIPADA-INFRACAPITALIZACION
653 _aart. 79-LCQ
653 _aMEDIDA ANTICAUTELAR-CONCURSO PREVENTIVO
653 _aDAÑO-PREVENCION-SOCIETARIO
653 _aCONFLICTO-SOCIOS
653 _aPRINCIPIO DE BUENA FE
653 _aSOCIOS-ACCIONISTAS-CONDUCTA ABUSIVA
653 _aRESPONSABILIDAD-SOCIO
653 _aRESPONSABILIDAD-ADMINISTRADOR
653 _aASAMBLEAS-IMPUGNACION
653 _aart. 91-REGIMEN SOCIETARIO
856 _uhttps://drive.google.com/file/d/1zL0n9D1N5_7B0PJfATc-t7DyKQt9pkiO/view?usp=sharing
942 _2ddc
_cBK
_n0
999 _c6549
_d6549